000 00503nam a2200169Ia 4500
008 180921t2017 xxu||||| |||| 00| 0 sin d
041 _asin
080 _a294.3
_bCHA
100 _aChandakiththi Himi, Thalalle
245 _aකෝප නොවන්නයි මෙත පතුරන්නයි
246 _aKopa Nowannai Metha Paturannai
260 _bNarada Baudda Darmayathanaya
_aColombo
_c2017
300 _b30p, 20cm
942 _cBK
999 _c945
_d945
003 LK-CoDNM
040 _aLK-CoDNM
_dLK-CoDNM
_eLK-CoDNM